000 00507nam a2200205 4500
005 20260319121045.0
008 260319b |||||||| |||| 00| 0 eng d
020 _a9788196544508
_cRs. 795.00
040 _aMAIN
082 _a632
_bS64P (11)
100 _aSingh, R.S
245 _aPlant Diseases
250 _a11th Edition
260 _aNew Delhi
_bMedTech Science Press
_c2024
300 _axxiii, 821
650 _aPlant
650 _aDiseases- plant
650 _aPlant Pathology
942 _cBK
999 _c397238
_d397238